The process of social organization (Record no. 679)
[ view plain ]
| 000 -LEADER | |
|---|---|
| fixed length control field | 00405nam a2200169Ia 4500 |
| 001 - CONTROL NUMBER | |
| control field | 578 |
| 008 - FIXED-LENGTH DATA ELEMENTS--GENERAL INFORMATION | |
| fixed length control field | 140312s9999 xx 000 0 und d |
| 020 ## - INTERNATIONAL STANDARD BOOK NUMBER | |
| International Standard Book Number | 30675553 |
| 040 ## - CATALOGING SOURCE | |
| Transcribing agency | PK-LaUMT |
| 082 ## - DEWEY DECIMAL CLASSIFICATION NUMBER | |
| Classification number | 306 |
| Item number | OLS-P |
| 100 ## - MAIN ENTRY--PERSONAL NAME | |
| Personal name | Marvin E.Olsen |
| 245 #4 - TITLE STATEMENT | |
| Title | The process of social organization |
| Statement of responsibility, etc | Marvin E.Olsen |
| 260 ## - PUBLICATION, DISTRIBUTION, ETC. (IMPRINT) | |
| Place of publication, distribution, etc | "New York,USA:" |
| Name of publisher, distributor, etc | "Holt," |
| Date of publication, distribution, etc | 1968. |
| 300 ## - PHYSICAL DESCRIPTION | |
| Extent | 361 p. |
| 546 ## - LANGUAGE NOTE | |
| Language note | EN |
| 942 ## - ADDED ENTRY ELEMENTS (KOHA) | |
| Koha item type | Books |
| Withdrawn status | Lost status | Damaged status | Not for loan | Home library | Current library | Date acquired | Total Checkouts | Full call number | Barcode | Date last seen | Price effective from | Koha item type |
|---|---|---|---|---|---|---|---|---|---|---|---|---|
| UMT Main Campus | UMT Main Campus | 2014-03-12 | 306 OLS-P | 885 | 2014-03-12 | 2014-03-12 | Books |
